| 000 | 00338nam a22001457a 4500 | ||
|---|---|---|---|
| 003 | SGT | ||
| 020 | _a9788193729762 | ||
| 082 |
_a954.034 _bG18S |
||
| 100 | _aSINGH, RAKESH | ||
| 245 | _aGANDHI KI PATRAKARITA | ||
| 260 |
_aINDIA _bGANDHI SAMRITI ANV DARSHAN SAMITI _c2001 |
||
| 300 | _a169 | ||
| 650 | _aMAHATMA GANDHI | ||
| 942 |
_2ddc _cBK |
||
| 999 |
_c26008 _d26008 |
||